Enciclopedia de obras de filosofía /

Obra en tres volúmenes disponibles en biblioteca. Reúne las referencias filosóficas más importantes que se han producido a los largo de la historia de la filosofía desde la antigüedad hasta la época contemporánea. Cada artículo que contiene la obra expone un esbozo biográfico del autor, sus obras pr...

Бүрэн тодорхойлолт

-д хадгалсан:
Номзүйн дэлгэрэнгүй
Үндсэн зохиолч: Volpi, Franco (ed.)
Бусад зохиолчид: Gabás, Raúl (traducción) (traducción)
Формат: Ном
Хэл сонгох:испани
Хэвлэсэн: Barcelona, España : Herder, 2005, c2005
Нөхцлүүд:
Шошгууд: Шошго нэмэх
Шошго байхгүй, Энэхүү баримтыг шошголох эхний хүн болох!

MARC

LEADER 00000nam^a2200000^a^4500
001 000183837
005 20250521000000.0
009 20260310102054.775
020 |a 84-254-2195-0 
037 |a Acervo ITESO - Biblioteca 
041 |a ESP 
082 |a 103.  |b VOL 
100 |a Volpi, Franco  |e (ed.) 
245 1 0 |a Enciclopedia de obras de filosofía /  |c Ed. de F. Volpi ; tr. por R. Gabás. 
264 4 |a Barcelona, España :  |b Herder,  |c 2005, c2005 
300 |a 3 v. (2578 p.) 
336 |a texto  |b txt  |2 rdacontenido 
337 |a sin mediación  |b n  |2 rdamedio 
338 |a volumen  |b nc  |2 rdasoporte 
500 |a Traducción de: Grosses Werklexikon der Philosophie 
520 |a Obra en tres volúmenes disponibles en biblioteca. Reúne las referencias filosóficas más importantes que se han producido a los largo de la historia de la filosofía desde la antigüedad hasta la época contemporánea. Cada artículo que contiene la obra expone un esbozo biográfico del autor, sus obras principales, las ediciones de las mismas, una bibliografía general y comentarios generales a algunos de sus escritos. 
649 |a XX 
650 |a Filosofía -  |x Enciclopedias y Diccionarios 
650 |a Filosofía -  |x Historia y Crítica 
650 |a Enciclopedias y Diccionarios 
700 |a Gabás, Raúl  |e (traducción) 
910 |a Fondo General 
920 |a Impresos - Libros 
930 |a Obras de Referencia 
905 |a 102 
901 |a 0500124518  |b IT2  |c REF  |u 20250521 
901 |a 0500124521  |b IT2  |c REF  |u 20250521 
901 |a 0500124524  |b IT2  |c REF  |u 20250521 
902 |a https://opac.biblio.iteso.mx/vufind/Record/000183837